[Event "AUTO-INT-1079"]
[Site "http://www.queenalice.com/game.php?id=536220"]
[Date "2009.2.6"]
[Round "2"]
[White "fromback"]
[Black "Kuroi"]
[Result "0-1"]
[WhiteElo "1493"]
[BlackElo "1742"]

1. e4 e5 2. Nf3 Nc6 3. Bc4 Nh6 4. h4 f6 5. Nc3 Bc5 6. Na4 Na5 7. b3 Ng4 8. Nxc5
b6 9. b4 Nxc4 10. d3 bxc5 11. dxc4 cxb4 12. a3 bxa3 13. Bxa3 a5 14. Nd2 d6 15.
f3 Ne3 16. Qb1 Nxg2+ 17. Kf2 Nf4 18. Qg1 Nh3+ 19. Rxh3 Bxh3 20. Qxg7 Rf8 21. c5
dxc5 22. Nc4 Qd4+ 23. Ne3 Qxa1 24. Bxc5 O-O-O 25. Nd5 Qf1+ 26. Ke3 Qe1+ 27. Kd3
Bf1# 0-1

[Event "Challenge"]
[Site "http://www.queenalice.com/game.php?id=543537"]
[Date "2009.2.20"]
[Round "-"]
[White "fromback"]
[Black "koshnarek"]
[Result "1-0"]
[WhiteElo "1497"]
[BlackElo "1640"]

1. e4 e5 2. Qh5 Qf6 3. Nf3 Nc6 4. Bc4 g6 5. Qh3 Nd4 6. Nxd4 exd4 7. d3 d6 8. Qf3
Qxf3 9. gxf3 Bh3 10. c3 c5 11. Na3 a6 12. b4 b6 13. b5 a5 14. Bf4 Nf6 15. Bg5
Nh5 16. Bd5 Ra7 17. Bc6+ Bd7 18. Nc4 Bxc6 19. bxc6 Ra6 20. Na3 h6 21. Bd2 g5 22.
h4 Be7 23. Nb5 Nf4 24. Nc7+ Kd8 25. Nxa6 Ng2+ 26. Ke2 Nxh4 27. Rab1 f5 28. Rxb6
Bf6 29. c7+ Kd7 30. Rb8 dxc3 31. Be3 f4 32. Bc1 Ng6 33. Rxh6 Rg8 34. Rh7+ Ne7
35. Rxg8 Kc6 36. Rb8 Kd7 37. Rh6 Be5 38. Kf1 Bg7 39. Rh5 Bf6 40. Rf8 Ke6 41. Rh6
a4 42. Rfxf6+ Kd7 43. Rxd6+ Kc8 44. Rb6 1-0

[Event "Let's Play Chess!"]
[Site "http://www.queenalice.com/game.php?id=545000"]
[Date "2009.2.23"]
[Round "-"]
[White "dwrogers"]
[Black "fromback"]
[Result "1-0"]
[WhiteElo "1424"]
[BlackElo "1519"]

1. e4 Nc6 2. Bc4 e6 3. Nf3 d5 4. exd5 exd5 5. Bb5 a6 6. Bxc6+ bxc6 7. O-O a5 8.
d4 Nf6 9. Bg5 h6 10. Bxf6 Qxf6 11. Re1+ Be7 12. Qe2 Ba6 13. Qe3 O-O 14. Qxe7
Qxe7 15. Rxe7 Rae8 16. Rxe8 Rxe8 17. Nc3 g5 18. Ne5 f6 19. Nxc6 a4 20. g3 g4 21.
Nb4 Bc8 22. Ncxd5 Kg7 23. Nc3 Kg6 24. Nxa4 Re4 25. c3 f5 26. Nc5 Re7 27. Ncd3
Kg5 28. Nf4 h5 29. Nbd5 Rd7 30. Ne6+ Kg6 31. Ndf4+ Kh6 32. Nf8 Rf7 33. N8g6 Kg5
34. h4+ Kf6 35. Re1 c6 36. b4 Ra7 37. Re8 Bb7 38. Re6+ Kf7 39. Re7+ Kg8 40. Re8+
Kf7 41. Re7+ Kf6 42. Re6+ Kf7 43. Re7+ Kg8 44. Nxh5 1-0

[Event "AUTO-INT-1218"]
[Site "http://www.queenalice.com/game.php?id=546170"]
[Date "2009.2.25"]
[Round "1"]
[White "fromback"]
[Black "mateusamorim96"]
[Result "0-1"]
[WhiteElo "1475"]
[BlackElo "1875"]

1. e4 c5 2. Na3 e6 3. c4 Nc6 4. Nb5 a6 5. Nc3 Nf6 6. f3 d5 7. cxd5 exd5 8. Na4
dxe4 9. d3 exd3 10. Bxd3 Nb4 11. Bc4 Qxd1+ 12. Kxd1 Bf5 13. Nb6 Rd8+ 14. Bd2 Nd3
15. Ke2 Ne5 16. h3 Nh5 17. g4 Ng3+ 18. Ke3 Nxc4+ 19. Kf2 Nxh1+ 20. Kg2 Rxd2+ 21.
Kxh1 Nxb6 22. Re1+ Be6 23. f4 Be7 24. f5 Bd5+ 25. Nf3 Bxf3+ 26. Kg1 c4 27. Re3
Bc6 28. Kf1 Nd5 29. Re4 O-O 30. Ke1 Rd8 31. Kxd2 Bb4+ 32. Kc2 Bc5 33. Re5 Ne3+
34. Kc3 Bd4+ 35. Kd2 Bxe5+ 36. Kxe3 Rd3+ 37. Ke2 Bf3+ 38. Kf2 Be4 0-1

[Event "AUTO-INT-1218"]
[Site "http://www.queenalice.com/game.php?id=546171"]
[Date "2009.2.25"]
[Round "1"]
[White "mateusamorim96"]
[Black "fromback"]
[Result "1-0"]
[WhiteElo "1877"]
[BlackElo "1496"]

1. d4 Nf6 2. c4 Na6 3. Nf3 c5 4. dxc5 Nxc5 5. b3 Nce4 6. Bb2 Ng4 7. Bd4 f6 8.
Nbd2 f5 9. Nxe4 fxe4 10. Nd2 e5 11. Bb2 e3 12. fxe3 Nxe3 13. Qc1 d6 14. Ne4 Bf5
15. Qxe3 Qh4+ 16. Ng3 b6 17. Qf2 Bc2 18. e3 d5 19. Ne2 Qe4 20. Nc3 Qg4 21. Qxc2
Bb4 22. cxd5 Bc5 23. Nb5 Bb4+ 24. Nc3 O-O 25. Bd3 Qh4+ 26. g3 Qh3 27. O-O-O Rf3
28. Ne4 Raf8 29. Ng5 Qg2 30. Qxg2 Rf2 31. Qh3 h6 32. Qe6+ Kh8 33. Qg6 1-0

[Event "Let's Play Chess!"]
[Site "http://www.queenalice.com/game.php?id=546617"]
[Date "2009.2.26"]
[Round "-"]
[White "llfs"]
[Black "fromback"]
[Result "0-1"]
[WhiteElo "1623"]
[BlackElo "1474"]

1. e4 Nc6 2. c3 Nf6 3. d3 e5 4. Bg5 h6 5. Bxf6 Qxf6 6. Nh3 Bc5 7. b4 Bb6 8. Na3
a6 9. Nc4 O-O 10. a4 a5 11. b5 Na7 12. Nxb6 Qxb6 13. g3 f5 14. Bg2 c6 15. bxc6
Qxc6 16. Qb3+ Kh7 17. O-O Qa6 18. Qd5 g5 19. Qc5 d6 20. Qc7+ Kg6 21. exf5+ Bxf5
22. Bxb7 Qxd3 23. Bxa8 Rxa8 24. Qxa5 Bxh3 25. Rfd1 Qf3 26. Qd5 Qxc3 27. Qxa8 Nc6
28. Rxd6+ Kh5 29. Qxc6 Qxa1+ 0-1

[Event "Let's Play Chess!"]
[Site "http://www.queenalice.com/game.php?id=546618"]
[Date "2009.2.26"]
[Round "-"]
[White "fromback"]
[Black "llfs"]
[Result "0-1"]
[WhiteElo "1480"]
[BlackElo "1588"]

1. e4 Nc6 2. d4 d5 3. f3 e5 4. f4 exd4 5. c3 dxe4 6. Bc4 Nf6 7. cxd4 Nxd4 8. Nc3
Bg4 9. Qa4+ Bd7 10. Qa5 Nc2+ 11. Ke2 Nxa1 12. g4 Bxg4+ 13. Kf2 Qd4+ 14. Kg3 Qxc4
15. h3 Qd3+ 16. Kh4 h6 17. hxg4 Qd8 18. Nge2 g5+ 19. Kg3 Qd3+ 20. Kf2 Nxg4+ 21.
Ke1 Nc2+ 0-1

[Event "Let's Play Chess!"]
[Site "http://www.queenalice.com/game.php?id=551398"]
[Date "2009.3.6"]
[Round "-"]
[White "fromback"]
[Black "Givanildo"]
[Result "0-1"]
[WhiteElo "1514"]
[BlackElo "1411"]

1. e4 e5 2. Nf3 Nc6 3. Bc4 Nh6 4. Nc3 Bb4 5. Nd5 d6 6. a3 Bc5 7. d4 exd4 8. Nxd4
Bxd4 9. c3 Bc5 10. b4 Bb6 11. Qh5 O-O 12. Bxh6 gxh6 13. Qxh6 Kh8 14. Nf6 Bf5 15.
g4 Bxe4 16. f3 Bg6 17. h4 Qxf6 18. g5 Qxc3+ 19. Ke2 Qxc4+ 20. Kd2 Qd3+ 21. Ke1
Rfe8# 0-1

[Event "Let's Play Chess!"]
[Site "http://www.queenalice.com/game.php?id=551402"]
[Date "2009.3.6"]
[Round "-"]
[White "Gilney"]
[Black "fromback"]
[Result "1-0"]
[WhiteElo "1262"]
[BlackElo "1476"]

1. e4 Nc6 2. d4 e5 3. d5 Nd4 4. Bc4 Bb4+ 5. c3 Nb3 6. Bxb3 Nf6 7. cxb4 Nxe4 8.
Qf3 Ng5 9. Qg3 h6 10. Ne2 O-O 11. Qxe5 d6 12. Qf4 Qe7 13. Bc2 Re8 14. h4 Ne6 15.
Qe4 g6 16. Nbc3 a6 17. Bxh6 c5 18. O-O f5 19. Qf3 Qxh4 20. Bd2 Kg7 21. g3 Qh3
22. dxe6 Rxe6 23. Nf4 Qg4 24. Qh1 Re5 25. Ng2 cxb4 26. Qh6+ Kf6 27. Rae1 Qc4 28.
Bg5+ Ke6 29. Qxg6+ Kd7 30. Qg7+ Kc6 31. Rxe5 dxe5 32. Qg6+ Be6 33. Ne3 Qd4 34.
Qxe6+ Kc5 35. Be7+ 1-0

[Event "Let's Play Chess!"]
[Site "http://www.queenalice.com/game.php?id=554876"]
[Date "2009.3.12"]
[Round "-"]
[White "Givanildo"]
[Black "fromback"]
[Result "1-0"]
[WhiteElo "1397"]
[BlackElo "1494"]

1. c3 Nc6 2. e4 e5 3. d3 d5 4. Nd2 f5 5. Qh5+ g6 6. Qe2 d4 7. exf5 gxf5 8. Qh5+
Kd7 9. Qxf5+ Kd6 10. Ne4+ Kd5 11. c4# 1-0

[Event "Challenge"]
[Site "http://www.queenalice.com/game.php?id=556725"]
[Date "2009.3.16"]
[Round "-"]
[White "PioDeCuritiba"]
[Black "fromback"]
[Result "1-0"]
[WhiteElo "1221"]
[BlackElo "1474"]

1. e4 Nc6 2. d4 Nf6 3. Nc3 e5 4. Nf3 d6 5. dxe5 dxe5 6. Qxd8+ Kxd8 7. Bc4 Nd4 8.
Nxd4 exd4 9. Nb5 c6 10. Nxd4 Nxe4 11. Bxf7 Bc5 12. Be3 Rf8 13. f3 Nd6 14. Be6 b5
15. Nxc6+ Kc7 16. Bxc5 Re8 17. Bxd6+ Kxd6 18. O-O-O+ Kxe6 19. Rhe1+ Kf7 20. Rxe8
Kxe8 21. a3 Bb7 22. Ne5 Bc8 23. g4 Bb7 24. Rd7 Kf8 25. Rxb7 g6 26. Rxh7 Re8 27.
Rh8+ Ke7 28. Rxe8+ Kxe8 29. Nxg6 Kf7 30. Ne5+ Kf6 31. f4 a5 32. b4 a4 33. c4
bxc4 34. b5 Ke6 35. b6 Kd6 36. g5 Kd5 37. b7 Ke4 38. b8=Q 1-0

[Event "Let's Play Chess!"]
[Site "http://www.queenalice.com/game.php?id=558045"]
[Date "2009.3.18"]
[Round "-"]
[White "mapecole"]
[Black "fromback"]
[Result "1-0"]
[WhiteElo "1380"]
[BlackElo "1496"]

1. e4 Nc6 2. c3 Ne5 3. d4 Ng6 4. e5 e6 5. Bc4 d5 6. Bd3 f5 7. f4 c5 8. Bb5+ Bd7
9. a4 a6 10. Bxd7+ Qxd7 11. Nf3 b5 12. a5 b4 13. O-O Qb7 14. Ng5 h6 15. Nxe6 Nh4
16. Nxc5 Qb5 17. Qh5+ g6 18. Qxh4 1-0

[Event "Challenge"]
[Site "http://www.queenalice.com/game.php?id=559457"]
[Date "2009.3.21"]
[Round "-"]
[White "Givanildo"]
[Black "fromback"]
[Result "1-0"]
[WhiteElo "1359"]
[BlackElo "1473"]

1. e4 Nc6 2. Nc3 e5 3. d3 Nd4 4. Nd5 c6 5. Ne3 d5 6. c3 Nb5 7. a4 Nd6 8. Qh5 g6
9. Qxe5+ Be6 10. Qxh8 f6 11. Qxh7 Nh6 12. Qxg6+ Ndf7 13. exd5 cxd5 14. d4 a6 15.
Nc2 Bf5 16. Qg3 Bd6 17. Qf3 Bxc2 18. Bxh6 Nxh6 19. Qxd5 Ng4 20. Qh5+ Kf8 21.
Qxg4 f5 22. Qg6 Qe7+ 23. Be2 Bd3 24. Qh6+ Kg8 25. O-O-O Be4 26. Bc4+ Qf7 27.
Bxf7+ Kxf7 28. Nh3 Bxg2 29. Ng5+ Ke7 30. Rhe1+ Kd7 31. Qe6+ Kc6 32. d5+ Kc5 33.
b4+ Kc4 34. Qxd6 Kxc3 35. Qc5+ Kb3 36. Rd3+ Kxa4 37. Qa5# 1-0

[Event "Challenge"]
[Site "http://www.queenalice.com/game.php?id=569757"]
[Date "2009.4.10"]
[Round "-"]
[White "fromback"]
[Black "PioDeCuritiba"]
[Result "0-1"]
[WhiteElo "1451"]
[BlackElo "1332"]

1. Nc3 d5 2. d4 c5 3. Be3 Nc6 4. dxc5 Nf6 5. f3 d4 6. Bf4 dxc3 7. bxc3 Bf5 8. h3
Qxd1+ 9. Rxd1 Bxc2 10. Rc1 Bf5 11. g4 e5 12. Bg5 Bg6 13. f4 Be4 14. Rh2 Bxc5 15.
Nf3 h6 16. Bh4 O-O 17. Nxe5 Nxe5 0-1